Scotland

Uloženo v:
Podrobná bibliografie
Hlavní autor: Flinders, Steve
Médium: Kniha
Jazyk:angličtina
Vydáno: Oxford. Oxford University Press. 1998.
Témata:
Tagy: Přidat tag
Žádné tagy, Buďte první, kdo vytvoří štítek k tomuto záznamu!

MARC

LEADER 00000nam a22000005a 4500
001 50
003 CL-ChBUA
005 20120815103809.0
008 070516s1998 xxk 000 0 eng
020 |a 0194228495 
040 |a CL-ChBUA  |c CL-ChBUA 
082 0 0 |a 941.1 
090 |c 21322  |d 21322 
100 1 |a Flinders, Steve. 
245 1 0 |a Scotland 
260 |b Oxford University Press.  |a Oxford.  |c 1998. 
504 |a 22 p.; il.; 22 cm. 
650 4 |a ESCOCIA - HISTORIA. 
942 |c LIB 
952 |0 0  |1 0  |4 0  |7 0  |9 30047  |a UNACH  |b UNACH  |c 900  |d 2007-05-17  |i 38.874.  |l 0  |o 941.1 / F 622.  |p 31101  |r 2012-12-27 00:00:00  |u 30047  |w 2012-08-08  |y LIB  |k 941.1 / F 622. 
999 |c 21322  |d 21322